Mutual Recognition of Electronic Identification Means Under the Eidas Regulation and Its Application Issues
Cieľom vzájomného uznania elektronických identifikačných prostriedkov je zabezpečenie cezhraničnej identifikácie a autentifikácie online služieb v členských štátoch. Zisťovanie, či Slovensko reflektuje zmeny, ktoré sa vyskytli a či vytvára dostatočné legálne prostredie pre zahraničných používateľov...
Saved in:
| Main Author: | |
|---|---|
| Format: | Book Chapter |
| Language: | English |
| Subjects: | |
| Tags: |
No Tags, Be the first to tag this record!
|
MARC
| LEADER | 00000nla a2200000 4500 | ||
|---|---|---|---|
| 001 | 0241079 | ||
| 005 | 20240417075133.0 | ||
| 041 | 0 | |a eng | |
| 044 | |a CZ | ||
| 245 | 1 | 0 | |a Mutual Recognition of Electronic Identification Means Under the Eidas Regulation and Its Application Issues |c Jozef Andraško |
| 520 | |a Cieľom vzájomného uznania elektronických identifikačných prostriedkov je zabezpečenie cezhraničnej identifikácie a autentifikácie online služieb v členských štátoch. Zisťovanie, či Slovensko reflektuje zmeny, ktoré sa vyskytli a či vytvára dostatočné legálne prostredie pre zahraničných používateľov v danej oblasti. | ||
| 610 | 2 | 0 | |a služby elektronické |
| 610 | 2 | 0 | |a internet |
| 610 | 2 | 0 | |a regulácia |
| 610 | 2 | 0 | |a Európska únia |
| 610 | 2 | 0 | |a identita |
| 610 | 2 | 0 | |a osoby zahraničné |
| 610 | 2 | 0 | |a legislatíva |
| 100 | 1 | |a Andraško, Jozef | |